Taylor Swift Track 11 Songs - Sudden Death - Statistics

General Stats
  • This quiz has been taken 23 times
  • The average score is 3 of 8
Answers on the Grid
Answers color-coded by a green-red scale on the quiz's grid according to % correct below.
Dancing With Our Hands Tied
Holy Ground
Sweet Nothing
Death By A Thousand Cuts
mad woman
Forever & Always
loml
This Love
ivy
Our Song
Karma
Haunted
Cornelia Street
invisible string
I Can Fix Him (No Really I Can)
long story short
 
Answer Stats
Answer % Correct
Dancing With Our Hands Tied
83%
Holy Ground
67%
Our Song
33%
This Love
33%
Forever & Always
17%
I Can Fix Him (No Really I Can)
17%
invisible string
17%
Karma
17%
No matching quizzes found
Score Distribution
Percent of People with Each Score
Percentile by Number Answered
Your Score History
You have not taken this quiz